000
00226 a2200097 4500
001
39786
100
_a
Mustansar Hussain Tarar
245
_a
Chick Chuk
260
_a
Lahore
_b
Sang-e-Meel Publications
_c
090
_c
24793
_d
24793
942
_a
NUST-CAE
_c
M
_c
16439
999
_c
274859
_d
274859